[Event "4NCL Division 1a"]
[Site "Hinckley Island ENG"]
[Date "2013.11.17"]
[Round "2.148"]
[White "Miranda, Nicole M"]
[Black "Ledger, Stephen C"]
[Result "0-1"]
[WhiteElo "1966"]
[BlackElo "2080"]
[PlyCount "50"]
[EventDate "2013.11.17"]
[WhiteTeam "Oxford 1"]
[BlackTeam "Blackthorne Russia"]

1. c4 e5 2. Nc3 Nc6 3. g3 g6 4. Bg2 Bg7 5. e4 d6 6. Nge2 Be6 7. d3 Qd7 8. h3
Nge7 9. Nd5 O-O 10. Bh6 Bxd5 11. Bxg7 Bxe4 12. Bxf8 Bxg2 13. Rh2 Bf3 14. Bxe7
Nd4 15. Bh4 Bxe2 16. Qc1 Bxd3 17. Qh6 Nf3+ 18. Kd1 Qf5 19. Rh1 Nxh4 20. gxh4
Qf3+ 21. Kd2 Qe2+ 22. Kc3 Qc2+ 23. Kb4 Qxb2+ 24. Ka5 Qa3+ 25. Kb5 a6# 0-1

[Event "4NCL Division 1a"]
[Site "Hinckley Island ENG"]
[Date "2014.02.15"]
[Round "5.111"]
[White "Edouard, Romain"]
[Black "Wallace, John Paul"]
[Result "1/2-1/2"]
[WhiteElo "2661"]
[BlackElo "2391"]
[PlyCount "122"]
[EventDate "2014.02.15"]
[WhiteTeam "Guildford 1"]
[BlackTeam "Kings Head 1"]

1. d4 Nf6 2. c4 g6 3. Nc3 Bg7 4. e4 d6 5. f3 O-O 6. Be3 Nc6 7. Nge2 a6 8. Qd2
Rb8 9. Rd1 Re8 10. d5 Ne5 11. Nd4 c5 12. dxc6 bxc6 13. f4 c5 14. fxe5 cxd4 15.
Bxd4 Ng4 16. exd6 Bxd4 17. Qxd4 Rxb2 18. dxe7 Qxe7 19. Be2 Qh4+ 20. g3 Qh3 21.
Rd2 Rxd2 22. Kxd2 Qh6+ 23. Kc2 Ne3+ 24. Kb1 Bg4 25. Qd2 Bxe2 26. Qxe2 Qg5 27.
Re1 Nxc4 28. Ka1 Qc5 29. Rd1 Rb8 30. Rb1 Rc8 31. Rc1 Qd4 32. Qd1 Qf6 33. Qf1
Qb6 34. Qe2 Qd4 35. Qd1 Qf6 36. Qf1 Qb6 37. Qe2 Ne5 38. Qd2 Qb4 39. Nb1 Qb8 40.
Rxc8+ Qxc8 41. Qc3 Qb8 42. Nd2 Qb5 43. Qd4 h5 44. a4 Qe2 45. Qxe5 Qxd2 46. Qe8+
Kg7 47. Qe5+ Kg8 48. Qe8+ Kg7 49. Qe5+ Kh7 50. Qf6 Qc1+ 51. Ka2 Qc4+ 52. Ka3 a5
53. Qe7 Qc3+ 54. Ka2 Kg7 55. Qe8 Qc2+ 56. Ka3 Qxh2 57. Qe5+ Kh7 58. Qf4 Kg7 59.
Qe5+ f6 60. Qc7+ Kh6 61. Qf4+ Kg7 1/2-1/2

[Event "4NCL Division 1a"]
[Site "Hinckley Island ENG"]
[Date "2014.02.15"]
[Round "5.112"]
[White "Snuverink, Jochem"]
[Black "Van Kampen, Robin"]
[Result "0-1"]
[WhiteElo "2354"]
[BlackElo "2610"]
[PlyCount "96"]
[EventDate "2014.02.15"]
[WhiteTeam "Kings Head 1"]
[BlackTeam "Guildford 1"]

1. e4 c5 2. Nf3 e6 3. d4 cxd4 4. Nxd4 Nc6 5. Nc3 Qc7 6. Ndb5 Qb8 7. Be3 a6 8.
Bb6 axb5 9. Nxb5 Bb4+ 10. c3 Ba5 11. Nc7+ Qxc7 12. Bxc7 Bxc7 13. Qg4 g6 14. Bb5
Kf8 15. O-O Kg7 16. Qe2 d5 17. Rfd1 Nf6 18. f3 dxe4 19. fxe4 Ne5 20. h3 h5 21.
c4 b6 22. b4 Bb7 23. Rd4 Rhd8 24. Rxd8 Bxd8 25. c5 bxc5 26. bxc5 Rc8 27. Rc1
Bxe4 28. Qb2 Nc6 29. a4 Be7 30. Kh1 Bd8 31. Rf1 Bd5 32. Qc3 Be7 33. Bc4 Bxc4
34. Qxc4 Na5 35. Qa6 Rxc5 36. Rb1 Ne4 37. Qa8 Ng3+ 38. Kg1 h4 39. Kf2 Nc6 40.
Rb5 Rc3 41. a5 Ne4+ 42. Ke1 Rc1+ 43. Ke2 Nd4+ 44. Kd3 Nxb5 45. Qxe4 Rd1+ 46.
Kc2 Rd5 47. a6 Bf6 48. Qg4 Nd4+ 0-1

[Event "4NCL Division 1a"]
[Site "Hinckley Island ENG"]
[Date "2014.02.15"]
[Round "5.113"]
[White "Sadler, Matthew D"]
[Black "McMichael, Richard J"]
[Result "1-0"]
[WhiteElo "2646"]
[BlackElo "2207"]
[PlyCount "103"]
[EventDate "2014.02.15"]
[WhiteTeam "Guildford 1"]
[BlackTeam "Kings Head 1"]

1. e4 e6 2. d3 c5 3. g3 Nc6 4. Bg2 g6 5. Nf3 Bg7 6. O-O Nge7 7. Re1 O-O 8. c3
f5 9. e5 h6 10. h4 Qc7 11. Na3 a6 12. Nc4 Nd5 13. Nd6 f4 14. c4 fxg3 15. fxg3
Nde7 16. Bf4 Nf5 17. Qd2 Kh7 18. g4 Nxd6 19. exd6 Qd8 20. g5 h5 21. Ne5 Rb8 22.
Re4 Nxe5 23. Bxe5 Bxe5 24. Rxe5 b6 25. Ree1 Bb7 26. Be4 Qc8 27. Rf1 Bxe4 28.
dxe4 Qc6 29. Qd3 b5 30. b3 bxc4 31. bxc4 a5 32. Rad1 a4 33. Rf6 Rxf6 34. gxf6
Qb6 35. Qe3 Qb2 36. Rf1 Qe5 37. Rf2 Qxd6 38. Rd2 Qc7 39. e5 a3 40. Qe4 Rb2 41.
Rd3 Rb1+ 42. Kf2 Rb2+ 43. Kg3 Rb8 44. Rxa3 Rf8 45. Kh3 d6 46. exd6 Qf7 47. Rf3
e5 48. Qxe5 Re8 49. Qf4 Re2 50. Kg3 Re1 51. Re3 g5 52. Qf5+ 1-0

[Event "4NCL Division 1a"]
[Site "Hinckley Island ENG"]
[Date "2014.02.15"]
[Round "5.114"]
[White "Guthrie, David W"]
[Black "Jones, Gawain CB"]
[Result "0-1"]
[WhiteElo "2236"]
[BlackElo "2648"]
[PlyCount "96"]
[EventDate "2014.02.15"]
[WhiteTeam "Kings Head 1"]
[BlackTeam "Guildford 1"]

1. d4 Nf6 2. c4 g6 3. Nc3 Bg7 4. e4 d6 5. Be2 O-O 6. Nf3 e5 7. O-O Nbd7 8. Be3
Qe7 9. Qc2 c6 10. d5 c5 11. Ne1 Kh8 12. Nd3 Ng8 13. Qd2 f5 14. exf5 gxf5 15. f4
e4 16. Nf2 Ndf6 17. h3 h5 18. g3 Nh6 19. Kh1 h4 20. Rg1 hxg3 21. Rxg3 Bd7 22.
Rag1 Rg8 23. Rg5 Nh7 24. R5g3 Bf6 25. Kh2 a6 26. a4 Rxg3 27. Rxg3 Rg8 28. Nh1
Nf8 29. Bh5 Qh7 30. Rxg8+ Nxg8 31. Ng3 Bh4 32. Bd1 Nf6 33. Qg2 Ng6 34. Kg1 Qh6
35. Qf2 Ne7 36. a5 Ng6 37. Kg2 Ne8 38. Be2 Bd8 39. Kh2 Qh7 40. Bd2 Bxa5 41.
Ncxe4 Bxd2 42. Nxd2 Qh4 43. Bh5 Nxf4 44. Bxe8 Bxe8 45. Qf1 Bd7 46. Nf3 Qf6 47.
h4 Qxb2+ 48. Kh1 Qc3 0-1

[Event "4NCL Division 1a"]
[Site "Hinckley Island ENG"]
[Date "2014.02.15"]
[Round "5.116"]
[White "Okike, David C"]
[Black "Stefanova, Antoaneta"]
[Result "0-1"]
[WhiteElo "2162"]
[BlackElo "2486"]
[PlyCount "162"]
[EventDate "2014.02.15"]
[WhiteTeam "Kings Head 1"]
[BlackTeam "Guildford 1"]

1. e4 e5 2. Nf3 Nc6 3. Bb5 Nge7 4. c3 a6 5. Ba4 g6 6. d4 exd4 7. Nxd4 b5 8. Bb3
Bg7 9. O-O Bb7 10. Re1 O-O 11. Bg5 h6 12. Nxc6 Bxc6 13. Bh4 a5 14. a3 d6 15.
Nd2 Qd7 16. Rc1 Rae8 17. f3 a4 18. Ba2 Bb7 19. Nf1 Kh8 20. Ne3 c5 21. Qd2 c4
22. Bb1 Ng8 23. Rcd1 Be5 24. Ng4 Qc7 25. f4 Bg7 26. Qxd6 Qc8 27. Nf2 Re6 28.
Qd7 b4 29. Qxc8 Rxc8 30. axb4 a3 31. bxa3 Bxc3 32. Re3 Bb2 33. Bc2 c3 34. a4
Ba3 35. b5 Bc5 36. Ree1 Rce8 37. Kf1 Nf6 38. Bxf6+ Rxf6 39. g3 g5 40. f5 Rb6
41. Rd7 Kg7 42. Bb3 Re7 43. Rd3 Bb4 44. Rd4 Ba3 45. e5 Re8 46. Rd7 Rf8 47. f6+
Kg8 48. Ne4 Bc8 49. Rc7 Bh3+ 50. Kf2 Bb4 51. Nxc3 Ba5 52. Rc1 Rxf6+ 53. exf6
Bxc7 54. Nd5 Ba5 55. Ne7+ Kh7 56. Kf3 g4+ 57. Kf4 Bd2+ 58. Ke5 Bxc1 59. a5 Bb2+
60. Kf5 Bf1 61. b6 Bd3+ 62. Kxg4 Bxf6 63. Nd5 Be5 64. Kf3 f5 65. Ke3 Bb5 66.
Bc2 Kg7 67. Ne7 f4+ 68. gxf4 Bxf4+ 69. Kd4 Bxh2 70. Kc5 Ba6 71. Nc6 Rf4 72. Bb3
h5 73. Nd8 Bg1+ 74. Kc6 Rb4 75. Bd5 Kf6 76. Kc7 Rb5 77. Bc6 Bh2+ 78. Kd7 Rxa5
79. b7 Ra3 80. Bd5 Rd3 81. Kc6 Ke7 0-1

[Event "4NCL Division 1a"]
[Site "Hinckley Island ENG"]
[Date "2014.02.15"]
[Round "5.117"]
[White "Hambleton, Aman"]
[Black "Balaji, Ananthanarayanan"]
[Result "1-0"]
[WhiteElo "2474"]
[BlackElo "1964"]
[PlyCount "67"]
[EventDate "2014.02.15"]
[WhiteTeam "Guildford 1"]
[BlackTeam "Kings Head 1"]

1. d4 Nf6 2. c4 g6 3. Nc3 d5 4. cxd5 Nxd5 5. Bd2 Nb6 6. Nf3 Bg7 7. Qc1 O-O 8.
Bh6 Bg4 9. Bxg7 Kxg7 10. e3 N8d7 11. Be2 c5 12. dxc5 Nxc5 13. O-O Rc8 14. Rd1
Qc7 15. Nb5 Qb8 16. Qc3+ Kg8 17. Qa5 Bxf3 18. Bxf3 Nc4 19. Qb4 Ne5 20. Be2 b6
21. Qa3 a6 22. Nc3 Rfd8 23. Bxa6 Nxa6 24. Qxa6 Ng4 25. g3 Qe5 26. Qxb6 Rxd1+
27. Rxd1 Rb8 28. Rd8+ Rxd8 29. Qxd8+ Kg7 30. Qd4 Qxd4 31. exd4 Nh6 32. a4 Nf5
33. Nb5 Kf6 34. a5 1-0

[Event "4NCL Division 1a"]
[Site "Hinckley Island ENG"]
[Date "2014.02.15"]
[Round "5.121"]
[White "Gormally, Daniel W"]
[Black "Hawkins, Jonathan"]
[Result "1/2-1/2"]
[WhiteElo "2506"]
[BlackElo "2512"]
[PlyCount "41"]
[EventDate "2014.02.15"]
[WhiteTeam "Blackthorne Russia"]
[BlackTeam "Cheddleton 1"]

1. e4 c6 2. d4 d5 3. Nd2 dxe4 4. Nxe4 Nd7 5. Ng5 Ngf6 6. Bd3 e6 7. N1f3 Bd6 8.
Qe2 h6 9. Ne4 Nxe4 10. Qxe4 Qc7 11. O-O b6 12. Qg4 Kf8 13. b3 Bb7 14. Bb2 Nf6
15. Qh4 Nd5 16. Rfe1 Nf4 17. Bf1 Ng6 18. Qh5 Nf4 19. Qh4 Ng6 20. Qh5 Nf4 21.
Qh4 1/2-1/2

[Event "4NCL Division 1a"]
[Site "Hinckley Island ENG"]
[Date "2014.02.15"]
[Round "5.122"]
[White "Zaragatski, Ilja"]
[Black "Ledger, Andrew J"]
[Result "1-0"]
[WhiteElo "2478"]
[BlackElo "2391"]
[PlyCount "111"]
[EventDate "2014.02.15"]
[WhiteTeam "Cheddleton 1"]
[BlackTeam "Blackthorne Russia"]

1. Nf3 Nf6 2. g3 g6 3. b3 Bg7 4. Bb2 O-O 5. Bg2 d6 6. d4 Nbd7 7. O-O e5 8. dxe5
Ng4 9. Qc1 Ngxe5 10. c4 Nxf3+ 11. Bxf3 Ne5 12. Bg2 c6 13. Nc3 Qc7 14. Qd2 Be6
15. Rac1 Rad8 16. Nd5 Qb8 17. Nf4 Bc8 18. Rfd1 Rfe8 19. a4 Qc7 20. Bd4 a6 21.
b4 Ng4 22. b5 Bxd4 23. Qxd4 Ne5 24. h4 Qa5 25. h5 Qxa4 26. bxc6 bxc6 27. h6 f6
28. Rb1 Qa5 29. Rb8 Qc7 30. Ra8 c5 31. Nd5 cxd4 32. Nxc7 Rf8 33. Rxd4 Ng4 34.
c5 Nxh6 35. Rxd6 Rxd6 36. cxd6 Nf5 37. Bd5+ Kg7 38. Rxc8 Rxc8 39. d7 Rb8 40.
d8=Q Rxd8 41. Ne6+ Kf7 42. Nxd8+ Ke7 43. Nb7 Kd7 44. e4 Ne7 45. Nc5+ Kd6 46.
Nxa6 Nxd5 47. exd5 Kxd5 48. Kg2 h5 49. Nb4+ Ke4 50. f3+ Kf5 51. Nc2 g5 52. Kf2
h4 53. gxh4 gxh4 54. Nd4+ Kg5 55. Ne2 Kh5 56. Kg2 1-0

[Event "4NCL Division 1a"]
[Site "Hinckley Island ENG"]
[Date "2014.02.15"]
[Round "5.123"]
[White "Bates, Richard A"]
[Black "Colovic, Aleksandar"]
[Result "1-0"]
[WhiteElo "2327"]
[BlackElo "2503"]
[PlyCount "109"]
[EventDate "2014.02.15"]
[WhiteTeam "Blackthorne Russia"]
[BlackTeam "Cheddleton 1"]

1. d4 Nf6 2. Nf3 d5 3. c4 e6 4. g3 Be7 5. Bg2 O-O 6. O-O dxc4 7. Qc2 b5 8. a4
b4 9. Ne5 Qxd4 10. Nxc4 c6 11. Bf4 Ba6 12. Nbd2 Qd8 13. Nb3 Nd5 14. Rfd1 Nd7
15. Ne5 Nxe5 16. Bxe5 Bf6 17. Bxf6 Qxf6 18. e4 Nc7 19. Rd7 Rac8 20. Nc5 Rfd8
21. Rad1 Rxd7 22. Rxd7 e5 23. Rxc7 Rxc7 24. Nxa6 Rd7 25. Nxb4 a5 26. Qxc6 Rd1+
27. Bf1 Qd8 28. Nd5 h6 29. Qc3 Rd4 30. Qc2 Kh7 31. b3 Qd6 32. Ne3 Qb4 33. Nc4
Qe1 34. Qe2 Qc3 35. Qe3 Qa1 36. Qf3 f6 37. Kg2 Qe1 38. Qe3 Qb4 39. Be2 Kh8 40.
h4 Qe1 41. Bg4 Qb1 42. Nxa5 f5 43. Bxf5 Rd1 44. Qc3 Rc1 45. Qxe5 Rg1+ 46. Kh3
Rh1+ 47. Kg4 Qd1+ 48. f3 h5+ 49. Kg5 Qd8+ 50. Kxh5 Qf8 51. Nc6 Rc1 52. Ne7 Qf7+
53. Kg4 Qxb3 54. Ng6+ Kh7 55. Nf4+ 1-0

[Event "4NCL Division 1a"]
[Site "Hinckley Island ENG"]
[Date "2014.02.15"]
[Round "5.124"]
[White "Eggleston, David J"]
[Black "Duncan, Chris R"]
[Result "1/2-1/2"]
[WhiteElo "2423"]
[BlackElo "2317"]
[PlyCount "92"]
[EventDate "2014.02.15"]
[WhiteTeam "Cheddleton 1"]
[BlackTeam "Blackthorne Russia"]

1. e4 c5 2. Nf3 d6 3. d4 cxd4 4. Nxd4 Nf6 5. Nc3 g6 6. Be3 Bg7 7. f3 Nc6 8. Qd2
O-O 9. O-O-O Bd7 10. g4 Rc8 11. Kb1 Ne5 12. Be2 Qa5 13. Nb3 Qc7 14. g5 Nh5 15.
Nd5 Qd8 16. Bxa7 Nc6 17. Bb6 Qe8 18. f4 Be6 19. Rhg1 f5 20. gxf6 Nxf6 21. Bf3
Kh8 22. h4 Qf7 23. Rg3 Nh5 24. Bxh5 gxh5 25. Re1 Bg4 26. f5 Ne5 27. Qc1 e6 28.
fxe6 Qxe6 29. Nd4 Qf7 30. Nb5 Qe6 31. Rb3 Nf3 32. Rd1 Ne5 33. Nd4 Qf7 34. Re1
Nc4 35. Nb5 Nxb6 36. Nxb6 Rc6 37. Nd5 Qf2 38. Ne3 Bh6 39. Nd4 Rc4 40. Ndf5 Bxf5
41. Rf1 Qe2 42. exf5 Re4 43. Re1 Qf2 44. Rf1 Qe2 45. Re1 Qf2 46. Rf1 Qe2
1/2-1/2

[Event "4NCL Division 1a"]
[Site "Hinckley Island ENG"]
[Date "2014.02.15"]
[Round "5.125"]
[White "Webb, Laurence E"]
[Black "Hamitevici, Vladimir"]
[Result "0-1"]
[WhiteElo "2266"]
[BlackElo "2460"]
[PlyCount "66"]
[EventDate "2014.02.15"]
[WhiteTeam "Blackthorne Russia"]
[BlackTeam "Cheddleton 1"]

1. e4 c5 2. f4 d5 3. exd5 Nf6 4. Bb5+ Nbd7 5. c4 g6 6. Nc3 Bg7 7. Nf3 O-O 8.
O-O Nb6 9. d3 a6 10. Ba4 e6 11. dxe6 Bxe6 12. Bc2 Re8 13. Kh1 Qc7 14. Ne5 Nbd7
15. Nxd7 Bxd7 16. Ne4 Rad8 17. Qf3 Ng4 18. h3 Nh6 19. f5 Nxf5 20. Bg5 Bc6 21.
Qf4 Qxf4 22. Rxf4 Rd4 23. Rf3 h6 24. Bf4 Nh4 25. Rf2 f5 26. Nxc5 Nxg2 27. Bc7
Re7 28. Bb6 Rh4 29. Ne4 fxe4 30. Bd8 e3 31. Bxe7 Rxh3+ 32. Kg1 exf2+ 33. Kxf2
Bd4+ 0-1

[Event "4NCL Division 1a"]
[Site "Hinckley Island ENG"]
[Date "2014.02.15"]
[Round "5.126"]
[White "Williams, Simon K"]
[Black "Ledger, Dave J"]
[Result "1-0"]
[WhiteElo "2449"]
[BlackElo "2242"]
[PlyCount "39"]
[EventDate "2014.02.15"]
[WhiteTeam "Cheddleton 1"]
[BlackTeam "Blackthorne Russia"]

1. f4 d5 2. e3 Nc6 3. Bb5 Qd6 4. Nf3 Bg4 5. b3 Nh6 6. Bb2 f6 7. O-O O-O-O 8. c4
Nf5 9. Nc3 dxc4 10. bxc4 Bxf3 11. Qxf3 Qxd2 12. Bxc6 bxc6 13. Qxc6 Rd6 14. Qa8+
Kd7 15. Ne4 Qxe3+ 16. Kh1 Qb6 17. Ba3 Rc6 18. Rad1+ Nd6 19. c5 Qa5 20. cxd6 1-0

[Event "4NCL Division 1a"]
[Site "Hinckley Island ENG"]
[Date "2014.02.15"]
[Round "5.127"]
[White "Nelson, Jonathan P"]
[Black "Arkell, Keith CC"]
[Result "0-1"]
[WhiteElo "2231"]
[BlackElo "2449"]
[PlyCount "136"]
[EventDate "2014.02.15"]
[WhiteTeam "Blackthorne Russia"]
[BlackTeam "Cheddleton 1"]

1. e4 c6 2. d4 d5 3. exd5 cxd5 4. c4 Nf6 5. Nc3 g6 6. cxd5 Nxd5 7. Bc4 Nb6 8.
Bb3 Bg7 9. Nf3 O-O 10. O-O Bg4 11. h3 Bxf3 12. Qxf3 Nc6 13. Be3 Na5 14. Rfd1
Qd7 15. d5 Nac4 16. Bd4 Nd6 17. Bxg7 Kxg7 18. Qe3 Rfc8 19. Re1 Rc7 20. Rad1 Kg8
21. Qg3 Rac8 22. Ne4 Nxe4 23. Rxe4 Rc1 24. Rxc1 Rxc1+ 25. Kh2 Qc7 26. Re3 Kf8
27. h4 Qxg3+ 28. Kxg3 Ke8 29. Kf4 Kd7 30. h5 Kd6 31. hxg6 hxg6 32. Ke4 Rh1 33.
f4 Rh2 34. Re2 Nd7 35. Kf3 Nf6 36. Rc2 Rh1 37. g3 Rd1 38. Rc8 Rd3+ 39. Kg2 Nh5
40. Rd8+ Kc7 41. Re8 Kd7 42. Ba4+ Kd6 43. Rd8+ Kc5 44. Rd7 Rxg3+ 45. Kf2 Rg4
46. Bb3 Rxf4+ 47. Ke3 Rb4 48. Rxe7 f5 49. d6 Kxd6 50. Re6+ Kc7 51. Rxg6 a5 52.
Bd1 Nf4 53. Rg7+ Kd6 54. b3 Ne6 55. Rg8 Re4+ 56. Kf2 Rd4 57. Ke1 Nc5 58. Bc2
Ke5 59. Re8+ Kf4 60. Re7 b6 61. Rf7 Ne4 62. Rf8 Rd6 63. Rf7 Rh6 64. Ke2 Rh2+
65. Kd1 Nc3+ 66. Kc1 Nxa2+ 67. Kb1 Nc3+ 68. Kc1 Ne2+ 0-1

[Event "4NCL Division 1a"]
[Site "Hinckley Island ENG"]
[Date "2014.02.15"]
[Round "5.128"]
[White "Steil-Antoni, Fiona"]
[Black "Atkins, Rita"]
[Result "1-0"]
[WhiteElo "2175"]
[BlackElo "2149"]
[PlyCount "39"]
[EventDate "2014.02.15"]
[WhiteTeam "Cheddleton 1"]
[BlackTeam "Blackthorne Russia"]

1. e4 d6 2. d4 Nf6 3. Nc3 c6 4. f4 Qa5 5. Bd3 e5 6. Nf3 Nbd7 7. Be3 Be7 8. h3
b5 9. dxe5 b4 10. exf6 bxc3 11. fxe7 cxb2+ 12. Bd2 bxa1=Q 13. Qxa1 Qb6 14. Qxg7
Kxe7 15. Qxh8 Qb1+ 16. Kf2 Qxh1 17. f5 Qb1 18. f6+ Nxf6 19. Bg5 Qb2 20. e5 1-0

[Event "4NCL Division 1a"]
[Site "Hinckley Island ENG"]
[Date "2014.02.15"]
[Round "5.131"]
[White "Sanders, Isaac B"]
[Black "Zakarian, David"]
[Result "1-0"]
[WhiteElo "2264"]
[BlackElo "2406"]
[PlyCount "99"]
[EventDate "2014.02.15"]
[WhiteTeam "Barbican 4NCL 2"]
[BlackTeam "Oxford 1"]

1. e4 c5 2. Nf3 Nc6 3. d4 cxd4 4. Nxd4 e5 5. Nb5 d6 6. N1c3 a6 7. Na3 Be6 8.
Nc4 b5 9. Ne3 Nf6 10. Bd3 Nb4 11. Be2 d5 12. exd5 Nbxd5 13. Ncxd5 Nxd5 14. Bf3
Qa5+ 15. c3 Nxe3 16. Bc6+ Ke7 17. Bxe3 Rc8 18. Bc5+ Kf6 19. Qf3+ Kg6 20. Qg3+
Kf6 21. Be3 h6 22. O-O g6 23. Rad1 b4 24. Rfe1 Rxc6 25. Qf3+ Kg7 26. Qxc6 Be7
27. Qb6 Qxb6 28. Bxb6 bxc3 29. bxc3 Bxa2 30. Rxe5 Bf6 31. Ra5 Bb3 32. Rb1 Bc4
33. Bd4 Re8 34. Bxf6+ Kxf6 35. Rc5 Bd3 36. Ra1 Ra8 37. h3 Ke6 38. Rd1 Bc2 39.
Rd2 Bb3 40. Rb2 Kd6 41. Ra5 Bc4 42. Rb6+ Kd7 43. Rc5 Bd3 44. Rd5+ Kc7 45. Rf6
Bf5 46. Rxf7+ Kc6 47. c4 a5 48. Rf6+ Kc7 49. Rdd6 Bc8 50. c5 1-0

[Event "4NCL Division 1a"]
[Site "Hinckley Island ENG"]
[Date "2014.02.15"]
[Round "5.132"]
[White "Rose, Matthew"]
[Black "Morrison, Graham"]
[Result "1/2-1/2"]
[WhiteElo "2307"]
[BlackElo "2354"]
[PlyCount "69"]
[EventDate "2014.02.15"]
[WhiteTeam "Oxford 1"]
[BlackTeam "Barbican 4NCL 2"]

1. e4 c5 2. c3 d5 3. exd5 Qxd5 4. d4 e6 5. Nf3 Nf6 6. Na3 Qd8 7. Nc2 Qc7 8. Bg5
Be7 9. Bd3 Nbd7 10. O-O O-O 11. Ne3 b6 12. Re1 Bb7 13. Ne5 Nxe5 14. dxe5 Qxe5
15. Nf5 Qc7 16. Nxe7+ Qxe7 17. Re3 h6 18. Bxh6 gxh6 19. Qd2 Nh7 20. Rae1 Kh8
21. Rh3 f5 22. Qxh6 Rf6 23. Qf4 Qg7 24. Rg3 Qf7 25. Qe5 Rg8 26. Rxg8+ Qxg8 27.
Bf1 Qd8 28. Re3 Bd5 29. Rd3 c4 30. Rh3 Kg7 31. Rg3+ Kf8 32. Rh3 Kg7 33. Rg3+
Kf8 34. Rh3 Kg7 35. Rg3+ 1/2-1/2

[Event "4NCL Division 1a"]
[Site "Hinckley Island ENG"]
[Date "2014.02.15"]
[Round "5.133"]
[White "Rogers, Jonathan W"]
[Black "Smallbone, Kieran D"]
[Result "1-0"]
[WhiteElo "2300"]
[BlackElo "2211"]
[PlyCount "101"]
[EventDate "2014.02.15"]
[WhiteTeam "Barbican 4NCL 2"]
[BlackTeam "Oxford 1"]

1. Nf3 d5 2. b4 Qd6 3. a3 Bg4 4. d4 Bxf3 5. exf3 Nd7 6. Be2 Qg6 7. O-O e6 8. c4
dxc4 9. Bxc4 Bd6 10. Nc3 c6 11. Ne4 Bc7 12. Re1 Ne7 13. g4 h5 14. Bd3 f5 15.
Ng5 hxg4 16. fxg4 Bxh2+ 17. Kg2 Nf8 18. Rh1 O-O-O 19. Rxh2 Rxh2+ 20. Kxh2 Rxd4
21. Be3 Rd5 22. Nh3 Qf6 23. Rc1 fxg4 24. Nf4 Qh4+ 25. Kg2 Rd8 26. Qe2 e5 27.
Rh1 exf4 28. Bxf4 Qf6 29. Qxg4+ Qe6 30. Be2 Neg6 31. Bg3 Re8 32. Bf3 Qxg4 33.
Bxg4+ Kd8 34. Rd1+ Ke7 35. f4 Rd8 36. f5 Rxd1 37. Bxd1 Nh8 38. Be5 Kf7 39. Bb3+
Ke7 40. Bxg7 Nf7 41. Bd4 a6 42. Kf3 Nd7 43. Kf4 b6 44. Bc4 b5 45. Be6 Nd6 46.
Bxd7 Kxd7 47. Kg5 Ne4+ 48. Kg6 Kd6 49. f6 Nxf6 50. Kxf6 a5 51. Bc5+ 1-0

[Event "4NCL Division 1a"]
[Site "Hinckley Island ENG"]
[Date "2014.02.15"]
[Round "5.134"]
[White "Savage, Ben DM"]
[Black "Twyble, Michael S"]
[Result "1/2-1/2"]
[WhiteElo "2265"]
[BlackElo "2268"]
[PlyCount "52"]
[EventDate "2014.02.15"]
[WhiteTeam "Oxford 1"]
[BlackTeam "Barbican 4NCL 2"]

1. Nf3 g6 2. c4 Bg7 3. Nc3 c5 4. g3 Nc6 5. Bg2 e6 6. b3 Nge7 7. Bb2 O-O 8. O-O
d5 9. cxd5 Nxd5 10. Qc1 Nxc3 11. Bxc3 e5 12. Qa3 e4 13. Ne1 Nd4 14. Bxd4 Qxd4
15. Rc1 Qxd2 16. Rc2 Qd6 17. Bxe4 Re8 18. Bf3 Bf5 19. Qxc5 Qa6 20. Qc4 Bxc2 21.
Qxa6 bxa6 22. Bxa8 Rxe2 23. Nxc2 Rxc2 24. Rd1 Bf8 25. a4 Bc5 26. Rf1 a5 1/2-1/2

[Event "4NCL Division 1a"]
[Site "Hinckley Island ENG"]
[Date "2014.02.15"]
[Round "5.135"]
[White "Chapman, Terry PD"]
[Black "Dickinson, Tim R"]
[Result "1-0"]
[WhiteElo "2304"]
[BlackElo "2134"]
[PlyCount "89"]
[EventDate "2014.02.15"]
[WhiteTeam "Barbican 4NCL 2"]
[BlackTeam "Oxford 1"]

1. Nf3 b6 2. g3 Bb7 3. Bg2 Nf6 4. O-O e6 5. c4 Be7 6. Nc3 O-O 7. Re1 d5 8. cxd5
Nxd5 9. e4 Nxc3 10. bxc3 c5 11. d4 Nc6 12. Bf4 Bd6 13. Be3 cxd4 14. cxd4 e5 15.
d5 Na5 16. Nd2 Qd7 17. Bf1 Rac8 18. Bd3 Rc3 19. Qe2 Bb4 20. Nf3 f6 21. Bd2 Rfc8
22. Rab1 Ba3 23. Bxc3 Rxc3 24. Nd2 Qc8 25. Red1 h6 26. Kg2 Kh7 27. h3 Kh8 28.
Kh2 Kh7 29. Kg2 Kh8 30. Kh2 Kh7 31. Rf1 Rc2 32. Bxc2 Qxc2 33. Rfd1 Bc8 34. Qf3
Bc5 35. Kg2 Bd7 36. Nb3 Nxb3 37. axb3 a5 38. Rbc1 Qb2 39. Rb1 Qa3 40. Qd3 Bd4
41. Qc2 Bc5 42. Rd3 Qb4 43. Rc3 Bd4 44. Rc4 Qd6 45. Rxd4 1-0

[Event "4NCL Division 1a"]
[Site "Hinckley Island ENG"]
[Date "2014.02.15"]
[Round "5.136"]
[White "Rawlinson, Aidan M"]
[Black "Buchicchio, Giampaolo"]
[Result "1-0"]
[WhiteElo "2156"]
[BlackElo "2346"]
[PlyCount "77"]
[EventDate "2014.02.15"]
[WhiteTeam "Oxford 1"]
[BlackTeam "Barbican 4NCL 2"]

1. d4 d5 2. c4 c6 3. Nf3 Nf6 4. e3 Bf5 5. Nc3 e6 6. Nh4 Bg6 7. Be2 Bb4 8. g3
dxc4 9. Nxg6 hxg6 10. Bxc4 Qa5 11. Bd2 Qf5 12. Qe2 Nbd7 13. O-O-O Bxc3 14. Bxc3
Ne4 15. Be1 Nd6 16. Bb3 a5 17. f3 Qf6 18. Bc2 a4 19. Bb4 Nb5 20. Bd3 a3 21. b3
Nxd4 22. exd4 Qxd4 23. Qd2 Ne5 24. Be4 Qa1+ 25. Bb1 Qb2+ 26. Qxb2 axb2+ 27.
Kxb2 Nxf3 28. Be4 Ng5 29. Bg2 e5 30. h4 Ne6 31. Bh3 c5 32. Bc3 Nd4 33. Rhe1 f6
34. Bxd4 cxd4 35. Rxd4 g5 36. Rb4 gxh4 37. gxh4 Rd8 38. Bf5 Rd2+ 39. Kb1 1-0

[Event "4NCL Division 1a"]
[Site "Hinckley Island ENG"]
[Date "2014.02.15"]
[Round "5.137"]
[White "Coleman, David J"]
[Black "Hayward, Philip T"]
[Result "1-0"]
[WhiteElo "2236"]
[BlackElo "1906"]
[PlyCount "125"]
[EventDate "2014.02.15"]
[WhiteTeam "Barbican 4NCL 2"]
[BlackTeam "Oxford 1"]

1. e4 e6 2. d4 d5 3. Nc3 Bb4 4. e5 c5 5. a3 Bxc3+ 6. bxc3 Qa5 7. Bd2 Qa4 8. Qb1
c4 9. h4 Nc6 10. h5 h6 11. Nf3 Nge7 12. Be2 b6 13. O-O Bd7 14. Qc1 O-O-O 15.
Bf4 Rdf8 16. Bd1 Kb8 17. Qd2 Ka8 18. g3 Nf5 19. g4 Nfe7 20. Nh4 Rh7 21. Be3 g5
22. Ng2 f5 23. exf6 Rxf6 24. f4 Rhf7 25. Be2 gxf4 26. Bxf4 Ng8 27. Nh4 Nce7 28.
Bd6 Nc8 29. Be5 Rxf1+ 30. Rxf1 Rxf1+ 31. Bxf1 Qxa3 32. g5 hxg5 33. Qxg5 Qe7 34.
Qf4 Qh7 35. Qf3 Qe4 36. Qxe4 dxe4 37. Bxc4 b5 38. Ba2 Nh6 39. Bg7 Nf7 40. d5
Ng5 41. Bf6 Nh7 42. Be5 Nb6 43. dxe6 Be8 44. h6 Nc4 45. Bf4 Kb7 46. Nf5 Kc6 47.
Ne3 Kc5 48. Bb8 Nxe3 49. Bxa7+ Kd6 50. Bxe3 Bg6 51. Bf4+ Ke7 52. Kf2 Kf6 53.
Be3 Ng5 54. Bxg5+ Kxg5 55. Ke3 Kxh6 56. Bd5 Kg7 57. Bxe4 Be8 58. Kd4 Kf6 59.
Kd5 Ke7 60. Bd3 Kd8 61. Kd6 Kc8 62. e7 Kb7 63. Bf5 1-0

[Event "4NCL Division 1a"]
[Site "Hinckley Island ENG"]
[Date "2014.02.15"]
[Round "5.138"]
[White "Foster, Chantelle L"]
[Black "Lauterbach, Ingrid"]
[Result "0-1"]
[WhiteElo "1876"]
[BlackElo "2102"]
[PlyCount "104"]
[EventDate "2014.02.15"]
[WhiteTeam "Oxford 1"]
[BlackTeam "Barbican 4NCL 2"]

1. e4 c5 2. Nf3 e6 3. d4 cxd4 4. Nxd4 a6 5. Nc3 b5 6. Be3 Bb7 7. f3 Qc7 8. Qd2
Bb4 9. Nde2 Nc6 10. a3 Be7 11. Nd4 Nf6 12. Be2 Ne5 13. O-O O-O 14. Kh1 d5 15.
exd5 Nxd5 16. Nxd5 Bxd5 17. b3 Rac8 18. f4 Nd7 19. Rf2 Nf6 20. Rff1 Ne4 21. Qd3
Nc3 22. Bf3 Rfd8 23. Bd2 Bf6 24. Bxc3 Qxc3 25. Qxc3 Rxc3 26. Rad1 Bxf3 27. Nxf3
Rxc2 28. Rxd8+ Bxd8 29. Nd4 Rc3 30. Rb1 Bf6 31. Nf3 g6 32. Kg1 Kf8 33. Nd2 Rc2
34. Ne4 Be7 35. b4 f5 36. Ng3 Ra2 37. Rb3 Bf6 38. Rd3 Ke7 39. Kf1 Bb2 40. Rd2
Ra1+ 41. Kf2 Bxa3 42. Rc2 Bxb4 43. Rc7+ Kd6 44. Rxh7 Bc5+ 45. Ke2 Ra2+ 46. Kd3
Rxg2 47. Rh6 Rf2 48. Rxg6 Rf3+ 49. Kd2 Rxf4 50. h4 Bf2 51. Nh5 Rd4+ 52. Kc3 Rg4
0-1